Central Library OPAC University of Rajshahi

বাঙালি বাংলাদেশ বঙ্গবন্ধু / (Record no. 76240)

MARC details
000 -LEADER
fixed length control field 01056nam a2200253 a 4500
001 - CONTROL NUMBER
control field 76240
003 - CONTROL NUMBER IDENTIFIER
rucl marc code BD-RjUL
005 - DATE AND TIME OF LATEST TRANSACTION
control field 20211209082820.0
008 - FIXED-LENGTH DATA ELEMENTS--GENERAL INFORMATION
fixed length control field 190808s2015 bg ||||| b||| 000 0dben d
020 ## - INTERNATIONAL STANDARD BOOK NUMBER
International Standard Book Number 9788004343.
035 ## - SYSTEM CONTROL NUMBER
System control number (BD-RjUL)76461
040 ## - CATALOGING SOURCE
Original cataloging agency BD-RjUL
Language of cataloging eng
Transcribing agency BD-RjUL
041 ## - LANGUAGE CODE
Language code of text/sound track or separate title ben
082 ## - DEWEY DECIMAL CLASSIFICATION NUMBER
Edition number 23
Classification number 954.9205092
Author mark and year BAN 2015
245 10 - TITLE STATEMENT
Title বাঙালি বাংলাদেশ বঙ্গবন্ধু /
Statement of responsibility, etc. মোনায়েম সরকার, সম্পাদিত
260 ## - PUBLICATION, DISTRIBUTION, ETC. (IMPRINT)
Place of publication, distribution, etc. ঢাকা :
Name of publisher, distributor, etc. আগামী প্রকাশনী,
Date of publication, distribution, etc. ২০১৫
300 ## - PHYSICAL DESCRIPTION
Pagination ৫৪৩ পৃ. ;
Size ২২ সেমি.
504 ## - BIBLIOGRAPHY, ETC. NOTE
Bibliography, etc বিবলিওগ্রাফি অন্তর্ভুক্ত
600 ## - SUBJECT ADDED ENTRY--PERSONAL NAME
Personal name Mujibur Rahman,
Titles and other words associated with a name Sheikh,
Dates associated with a name 1920-1975
General subdivision Biography
651 ## - SUBJECT ADDED ENTRY--GEOGRAPHIC NAME
Geographic name Bangladesh
General subdivision History
Chronological subdivision Revolution, 1971.
9 (RLIN) 232835
Geographic name বাংলাদেশ
General subdivision ইতিহাস
Chronological subdivision বিপ্লব, ১৯৭১
9 (RLIN) 232836
700 ## - ADDED ENTRY--PERSONAL NAME
Personal name সরকার, মোনায়েম
942 ## - ADDED ENTRY ELEMENTS (KOHA)
Source of classification or shelving scheme Dewey Decimal Classification
Koha item type Books
Holdings
Lost status Source of classification or shelving scheme Damaged status Not for loan Collection code Permanent Location Current Location Shelving location Date acquired Source of acquisition Cost, normal purchase price Total Checkouts Full call number Date last seen Copy number Koha item type
  Dewey Decimal Classification   Not For Loan Non-fiction Central Library, University of Rajshahi Central Library, University of Rajshahi Reading Room 13/11/2019 Vidyasagar, Rajshahi 800.00   B 954.9205092 BAN 2015 17/11/2019 C-1 Books
  Dewey Decimal Classification     Non-fiction Central Library, University of Rajshahi Central Library, University of Rajshahi   11/11/2021 Rajshahi Bidasagar 600.00   B 954.9205092 BAN 2015 15/11/2021 C-2 Books
  Dewey Decimal Classification     Non-fiction Central Library, University of Rajshahi Central Library, University of Rajshahi   11/11/2021 Rajshahi Bidasagar 600.00   B 954.9205092 BAN 2015 15/11/2021 C-3 Books